[Event "Cologne-ch 54th"]
[Site "Cologne"]
[Date "2007.03.19"]
[Round "6"]
[White "Dombrowski, Walter"]
[Black "Stark, Peter"]
[Result "0-1"]
[WhiteElo "2008"]
[BlackElo "1954"]
[PlyCount "102"]
[EventDate "2007.02.06"]
[EventType "swiss"]
[EventRounds "7"]
[EventCountry "GER"]
[SourceTitle "EXT 2010"]
[Source "ChessBase"]
[SourceDate "2010.11.25"]
[SourceVersion "1"]
[SourceVersionDate "2010.11.25"]
[SourceQuality "1"]

1. d4 e6 2. Nf3 Nf6 3. Nbd2 d5 4. c3 b6 5. e3 Bb7 6. Bd3 Nbd7 7. 0-0 Be7 8. Re1 Ne4 9. Qc2 Ndf6 10. Ne5 0-0 11. Nf1 c5 12. f3 Nd6 13. Ng3 h5 14. Qf2 h4 15. Ne2 Nd7 16. Nf4 Nxe5 17. dxe5 Nc4 18. Bb1 Nxe5 19. Qc2 g6 20. Ne2 b5 21. b3 c4 22. Nd4 Nd3 23. Rd1 Qb6 24. a4 a6 25. b4 e5 26. Ne2 Kg7 27. Rxd3 cxd3 28. Qxd3 Bf6 29. Kf1 e4 30. fxe4 dxe4 31. Qd2 Rfd8 32. Qe1 Qd6 33. g3 Qe6 34. Kg2 Qg4 35. Bc2 hxg3 36. Nxg3 Qf3+ 37. Kg1 Rac8 38. Bd2 Rxd2 39. Qxd2 Bxc3 40. Qc1 Bxa1 41. Qxa1+ Kg8 42. Qc1 Rc3 43. axb5 axb5 44. Qd2 Qxe3+ 45. Qxe3 Rxe3 46. Kf2 Rf3+ 47. Ke2 f5 48. Nf1 Kg7 49. Nd2 Rh3 50. Nf1 Bd5 51. Kd2 f4 0-1